Desarrollo rural ejemplos europeos /

Gorde:
Xehetasun bibliografikoak
Egile nagusia: Canto Fresno, Consuelo del
Egile korporatiboa: España. Ministerio de Agricultura, Pesca y Alimentación. Secretaria General de Estructuras Agararias, Instituto Nacional de Reforma y Desarrollo Agrario, IRYDA
Formatua: Texto
Argitaratua: Madrid: IRYDA
Etiketak: Etiketa erantsi
Etiketarik gabe, Izan zaitez lehena erregistro honi etiketa jartzen!

MARC

LEADER 00000 a a2200000 04500
001 26511
003
040
090 |a 148600  
100 |a Canto Fresno, Consuelo del  
110 |a España. Ministerio de Agricultura, Pesca y Alimentación. Secretaria General de Estructuras Agararias  
245 |a Desarrollo rural ejemplos europeos /  |c España. Ministerio de Agricultura, Pesca y Alimentación. Secretaria General de Estructuras Agararias  
260 |a Madrid:   |b IRYDA  
300 |a 293 p   |b **no definido**  
710 |a Instituto Nacional de Reforma y Desarrollo Agrario 
710 |a IRYDA  
999 |c 16227  |d 16227